000 01712nam0a22003011 4500
001 rc\4328969
005 20260407150335.0
035 _a(NLR Aleph) 008269430
090 _a8446897
_c8446897
100 _a20130416d1966 |||y0rusy50 ca
101 0 _arus
102 _aRU
105 _aa z |||||
200 1 _aАвтоматическое управление освещением лестничных клеток
_fГрейнер Г.Р.
210 _aМосква
_d1966
215 _a4 с.
_cсхем.
_d15
225 1 _aПередовой научно-технический и производственный опыт
_fОбъединение по руководству науч.-техн. информацией и пропагандой в РСФСР при Гос. ком. Совета Министров СССР по науке и технике (Ростехинформ). Гос. науч.-исслед. ин-т науч. и техн. информации (ГОСИНТИ)
_v№ 17-66-1315/73
606 1 _aЗдания
_xОсвещение совмещенное
_xАвтоматическое управление
_91122231
_3RU\NLR\AUTH\66444851
686 0 _aН113.81-05
_2rubbk
700 1 _aГрейнер
_bГ. Р.
_gГанс Роландович
712 0 2 _4650
_a"Ростехинформ", объединение
_cМосква
_3RU\NLR\AUTH\8810003165
_9503560
712 0 2 _4650
_aНИИ научной и технической информации
_cМосква
_3RU\NLR\AUTH\8810024840
_9547909
801 0 _aRU
_bNLR
_c20130416
_gpsbo
801 1 _aRU
_bELAR
_c20130416
_2rusmarc
801 2 _aRU
_bNLR
_c20140409
_2rusmarc
852 _aNLR
_jП11/2295 (1966, № 1315)
942 _cBOOK
980 _aNB